Política i cultura / Josep Pijoan ; a cura de Jordi Castellanos
Descripción Física:
L, 242 p. ; 20 cm
Otros Autores:
Castellanos, Jordi, ed
Materias:
Nacionalisme -- Catalunya
MARC
| LEADER | 00000nam a2200000Ia 4500 | ||
|---|---|---|---|
| 001 | 9203 | ||
| 008 | 160829s1990 xx 000 0 cat d | ||
| 080 | |a M-2-247 | ||
| 100 | |a Pijoan, Josep |9 26673 | ||
| 245 | |a Política i cultura / Josep Pijoan ; a cura de Jordi Castellanos | ||
| 260 | |a Barcelona : |b La Magrana : |b Diputació de Barcelona, |c 1990 | ||
| 300 | |a L, 242 p. ; |c 20 cm | ||
| 490 | |a Biblioteca dels clàssics del nacionalisme català ; 25 | ||
| 650 | 0 | |a Nacionalisme |z Catalunya |9 11008 | |
| 700 | |a Castellanos, Jordi, ed. |9 26674 | ||
| 901 | |a Arxiu | ||
| 942 | |n 1 | ||
| 952 | |0 0 |1 0 |4 0 |6 M2247 |7 1 |9 44100 |a Arxiu |b Arxiu |d 2016-12-01 |l 0 |o M-2-247 |p 9203 |r 2016-12-01 00:00:00 |w 2016-12-01 |y ARXIU | ||
| 999 | |c 46680 |d 46680 | ||